BUBT Library Online Catalog

The Specific Relief Act (1-1877) (Record no. 2223)

000 -LEADER
fixed length control field 00656nam a2200217Ia 4500
003 - CONTROL NUMBER IDENTIFIER
control field BUBTL
008 - FIXED-LENGTH DATA ELEMENTS--GENERAL INFORMATION
fixed length control field 151213s9999 xx 000 0 und d
082 ## - DEWEY DECIMAL CLASSIFICATION NUMBER
Classification number 347.5491077/ M2786s/ 1997
100 ## - MAIN ENTRY--PERSONAL NAME
Personal name Mahmood, Shaukat
9 (RLIN) 2419
245 ## - TITLE STATEMENT
Title The Specific Relief Act (1-1877)
Statement of responsibility, etc. Shaukat Mahmood and Nadem Shaukat
250 ## - EDITION STATEMENT
Edition statement 7th
260 ## - PUBLICATION, DISTRIBUTION, ETC. (IMPRINT)
Place of publication, distribution, etc. Lahare
Name of publisher, distributor, etc. Legal Research Center
Date of publication, distribution, etc. c1997
300 ## - PHYSICAL DESCRIPTION
Extent [vi],490p. :
Dimensions 21 cm.
500 ## - GENERAL NOTE
General note Includes Index.
650 ## - SUBJECT ADDED ENTRY--TOPICAL TERM
Topical term or geographic name as entry element Law
650 ## - SUBJECT ADDED ENTRY--TOPICAL TERM
Topical term or geographic name as entry element Law
9 (RLIN) 4278
700 ## - ADDED ENTRY--PERSONAL NAME
Personal name Shaukat Mahmood and Nadem Shaukat
856 ## - ELECTRONIC LOCATION AND ACCESS
Password 0
Logon 0
Link text Download
942 ## - ADDED ENTRY ELEMENTS (KOHA)
Source of classification or shelving scheme
Koha item type Books
Holdings
Withdrawn status Lost status Source of classification or shelving scheme Damaged status Not for loan Collection code Permanent location Current location Shelving location Date acquired Source of acquisition Inventory number Total Checkouts Full call number Barcode Date last seen Copy number Price effective from Koha item type
          Non-fiction Bangladesh University of Business and Technology Library Bangladesh University of Business and Technology Library Law Stacks 07/27/2006 Purchase 3126   347.5491077/ M2786s/ 1997 BUBTL-20033126 10/11/2021 C-1 10/11/2021 Books
          Non-fiction Bangladesh University of Business and Technology Library Bangladesh University of Business and Technology Library Law Stacks 07/27/2006 Purchase 3127   347.5491077/ M2786s/ 1997 BUBTL-20033127 10/11/2021 C-2 10/11/2021 Books
          Non-fiction Bangladesh University of Business and Technology Library Bangladesh University of Business and Technology Library Law Stacks 07/27/2006 Purchase 3128   347.5491077/ M2786s/ 1997 BUBTL-20033128 10/11/2021 C-3 10/11/2021 Books
          Non-fiction Bangladesh University of Business and Technology Library Bangladesh University of Business and Technology Library Law Stacks 08/09/2006 Purchase 3224   347.5491077/ M2786s/ 1997 BUBTL-20033224 10/11/2021 C-4 10/11/2021 Books
          Non-fiction Bangladesh University of Business and Technology Library Bangladesh University of Business and Technology Library Law Stacks 09/05/2008 Purchase 5901   347.5491077/ M2786s/ 1997 BUBTL-20035901 10/11/2021 C-5 10/11/2021 Books
        Not For Loan Non-fiction Bangladesh University of Business and Technology Library Bangladesh University of Business and Technology Library Law Stacks 03/29/2016 Purchase 22188   347.5491077/ M2786s/ 1997 BUBTL-200322188 10/11/2021 C-6 10/11/2021 Books
        Not For Loan Non-fiction Bangladesh University of Business and Technology Library Bangladesh University of Business and Technology Library Law Stacks 03/29/2016 Purchase 22189   347.5491077/ M2786s/ 1997 BUBTL-200322189 10/11/2021 C-7 10/11/2021 Books
        Not For Loan Non-fiction Bangladesh University of Business and Technology Library Bangladesh University of Business and Technology Library Law Stacks 03/29/2016 Purchase 22190   347.5491077/ M2786s/ 1997 BUBTL-200322190 10/11/2021 C-8 10/11/2021 Books

More Information About Library

Library Hours

  • Open: 9.00 am. to 9.00 pm.
  • Only Sunday: 9.00 am. to 6.00 pm.
  • Closed: Holiday

Contact to the University

Bangladesh University of Business and Technology Library

  • Mirpurl-2, 1216.
  • Phone:
  • Fax:
  • E-Mail: admin.library@bubt.edu.bd

Contact to the Library

Contact Person:

Md. Abdul Hakim Shah
Joint Librarian
PABX No:  113
Cell No: 01816332931
E-mail: official: admin.library@bubt.edu.bd
Personal: hakim.shah@bubt.edu.bd


BUBT Library

Copyright © 2021